| 000 | 01611cam a2200493 i 4500 | ||
|---|---|---|---|
| 001 | sky235068847 | ||
| 003 | SKY | ||
| 005 | 20260109065533.0 | ||
| 008 | 060425t20101979nyua j 000 f eng d | ||
| 010 | _abl2006009817 | ||
| 020 | _a9780545326438 | ||
| 020 | _a0545326435 | ||
| 020 | _a9780688161330 | ||
| 020 | _a0688161332 | ||
| 040 |
_dsm _dis _dsm _dSKYRV _erda _cndc |
||
| 049 | _aCBL | ||
| 050 | 1 | 4 | _aPZ7.C2696 |
| 082 | 0 | 4 |
_a[Fic] _223 |
| 092 | _aJ PBK | ||
| 100 | 1 | _aCatling, Patrick Skene. | |
| 245 | 1 | 4 |
_aThe chocolate touch / _cPatrick Skene Catling ; pictures by Margot Apple. |
| 264 | 1 |
_aNew York : _bScholastic Inc., _c2010. |
|
| 264 | 4 | _c℗♭1979. | |
| 300 |
_a126 pages ; _billustrations ; _c20 cm. |
||
| 336 |
_atext _btxt _2rdacontent. |
||
| 337 |
_aunmediated _bn _2rdamedia. |
||
| 338 |
_avolume _bnc _2rdacarrier. |
||
| 520 | _aRecounts the trials and tribulations of a greedy boy's predicament when everything he touches turns to chocolate. | ||
| 526 | 0 |
_aAccelerated Reader AR _bMG _c4.7 _d2.0 _z256. |
|
| 534 |
_pOriginally published : _cNew York : Morrow, c1952. |
||
| 650 | 0 |
_aChocolate _vJuvenile fiction. |
|
| 650 | 0 |
_aMagic _vJuvenile fiction. |
|
| 650 | 0 |
_aInterpersonal relations _vJuvenile fiction. |
|
| 650 | 0 |
_aSchools _vJuvenile fiction. |
|
| 650 | 0 | _aHumorous stories. | |
| 650 | 1 |
_aChocolate _vFiction. |
|
| 650 | 1 |
_aSchools _vFiction. |
|
| 650 | 1 | _aHumorous stories. | |
| 650 | 7 |
_aChocolate. _2fast _0(OCoLC)fst00858278. |
|
| 650 | 7 |
_aSchools. _2fast _0(OCoLC)fst01107958. |
|
| 655 | 7 | _aHumorous stories. | |
| 700 | 1 | _aApple, Margot. | |
| 942 | _cBK | ||
| 999 |
_c31459 _d31457 |
||